[Event "c14"]
[Site "?"]
[Date "2020.08.25"]
[Round "10.10"]
[White "Bury, Milosz"]
[Black "Malinowski, Szymon"]
[Result "1/2-1/2"]
[BlackElo "1844"]
[WhiteElo "1562"]
[LiveChessVersion "1.4.8"]

1. e4 {[%clk 0:15:15]} c6 {[%clk 0:15:19]} 2. d4 {[%clk 0:15:19]} d5
{[%clk 0:15:27]} 3. Nc3 {[%clk 0:15:16]} dxe4 {[%clk 0:15:34]} 4. Nxe4
{[%clk 0:15:13]} Bf5 {[%clk 0:15:40]} 5. Ng3 {[%clk 0:15:13]} Bg6
{[%clk 0:15:45]} 6. h4 {[%clk 0:15:13]} h6 {[%clk 0:15:43]} 7. Nf3
{[%clk 0:15:10]} Nf6 {[%clk 0:15:44]} 8. Bd3 {[%clk 0:15:01]} Bxd3
{[%clk 0:15:35]} 9. Qxd3 {[%clk 0:14:57]} e6 {[%clk 0:15:40]} 10. Bd2
{[%clk 0:14:51]} Bd6 {[%clk 0:15:18]} 11. O-O-O {[%clk 0:14:15]} Nbd7
{[%clk 0:15:24]} 12. Rhe1 {[%clk 0:13:44]} Qc7 {[%clk 0:14:32]} 13. Ne4
{[%clk 0:13:13]} Nxe4 {[%clk 0:14:31]} 14. Qxe4 {[%clk 0:12:53]} Nf6
{[%clk 0:14:37]} 15. Qd3 {[%clk 0:12:32]} O-O-O {[%clk 0:14:39]} 16. Kb1
{[%clk 0:11:48]} Bf4 {[%clk 0:10:50]} 17. Bxf4 {[%clk 0:11:12]} Qxf4
{[%clk 0:10:58]} 18. g3 {[%clk 0:10:54]} Qc7 {[%clk 0:10:34]} 19. Qc4
{[%clk 0:09:57]} Rd5 {[%clk 0:10:06]} 20. Re5 {[%clk 0:09:00]} Rhd8
{[%clk 0:10:10]} 21. c3 {[%clk 0:08:33]} Ng4 {[%clk 0:09:18]} 22. Rxd5
{[%clk 0:08:20]} Rxd5 {[%clk 0:09:20]} 23. Qe2 {[%clk 0:08:09]} b6
{[%clk 0:07:02]} 24. Nd2 {[%clk 0:07:07]} Nf6 {[%clk 0:06:04]} 25. f4
{[%clk 0:06:28]} Kb7 {[%clk 0:05:56]} 26. Nf3 {[%clk 0:05:33]} 1/2-1/2

[Event "c14"]
[Site "?"]
[Date "2020.08.25"]
[Round "10.11"]
[White "Kutowski, Marcel"]
[Black "Rzenca, Jerzy"]
[Result "1/2-1/2"]
[BlackElo "1608"]
[WhiteElo "1819"]
[LiveChessVersion "1.4.8"]

1. e4 {[%clk 0:15:18]} c6 {[%clk 0:15:20]} 2. d4 d5 3. e5 {[%clk 0:15:36]} Bf5
{[%clk 0:15:38]} 4. h4 {[%clk 0:15:44]} h5 {[%clk 0:15:37]} 5. Bd3
{[%clk 0:15:43]} Bxd3 {[%clk 0:15:42]} 6. Qxd3 {[%clk 0:15:52]} e6
{[%clk 0:15:52]} 7. Nf3 {[%clk 0:15:59]} Qa5+ {[%clk 0:16:00]} 8. Nbd2
{[%clk 0:15:43]} Qa6 {[%clk 0:16:02]} 9. Qxa6 {[%clk 0:15:44]} Nxa6
{[%clk 0:16:11]} 10. O-O {[%clk 0:15:51]} c5 {[%clk 0:16:18]} 11. c3
{[%clk 0:15:43]} Nh6 {[%clk 0:15:34]} 12. dxc5 {[%clk 0:15:26]} Nxc5
{[%clk 0:15:20]} 13. Nb3 {[%clk 0:15:26]} Nd3 {[%clk 0:14:57]} 14. Bxh6
{[%clk 0:15:10]} Rxh6 {[%clk 0:14:54]} 15. Rab1 {[%clk 0:15:18]} Be7
{[%clk 0:13:52]} 16. g3 {[%clk 0:15:14]} Rc8 {[%clk 0:13:13]} 17. Rfd1
{[%clk 0:14:43]} Nc5 {[%clk 0:13:21]} 18. Nxc5 {[%clk 0:14:42]} Bxc5
{[%clk 0:13:29]} 19. Rbc1 {[%clk 0:14:08]} Rg6 {[%clk 0:12:59]} 20. Ng5
{[%clk 0:11:35]} Ke7 {[%clk 0:12:21]} 21. Kg2 {[%clk 0:11:08]} f6
{[%clk 0:11:56]} 22. Nf3 {[%clk 0:10:59]} Rg4 {[%clk 0:11:42]} 23. Re1
{[%clk 0:10:30]} Ra4 {[%clk 0:10:25]} 24. exf6+ {[%clk 0:10:07]} gxf6
{[%clk 0:10:33]} 1/2-1/2

[Event "c14"]
[Site "?"]
[Date "2020.08.25"]
[Round "10.12"]
[White "Kejna, Piotr"]
[Black "Rog, Bartlomiej"]
[Result "1-0"]
[BlackElo "1550"]
[WhiteElo "1812"]
[LiveChessVersion "1.4.8"]

1. e4 c5 2. Nf3 d6 3. d4 cxd4 4. Nxd4 Nf6 5. Nc3 Nc6 6. Bc4 Bd7 7. f3 Nxd4 8.
Qxd4 g6 9. Be3 Bg7 10. Qd2 O-O 11. O-O-O Rc8 12. Bb3 b5 13. Qf2 Qa5 14. Bxa7 Rxc3
15. bxc3 Nxe4 16. fxe4 Bxc3 17. Rd3 Qa3+ 18. Kd1 Bg4+ 19. Rf3 d5 20. Bd4 Qb2 21.
Bxc3 Qxc3 22. Qe1 Bxf3+ 23. gxf3 Qxf3+ 24. Kc1 dxe4 25. Rf1 Qg4 26. Qe3 e5 27.
Qa7 Qg5+ 28. Kb2 Qd8 29. Rxf7 Rxf7 30. Qxf7+ Kh8 31. Bd5 e3 32. Qe6 Qf8 33. Qxe5+
Qg7 34. Qxg7+ Kxg7 35. Bf3 Kf6 36. Be2 Ke5 37. Bxb5 h5 38. Kc3 Kf4 39. Be2 h4 40.
Kd3 g5 41. h3 Kg3 42. Bg4 Kf2 43. a4 Kg2 44. Kxe3 Kg1 45. a5 Kh2 1-0

[Event "c14"]
[Site "?"]
[Date "2020.08.25"]
[Round "11.1"]
[White "Fiszer, Bartosz"]
[Black "Klimkowski, Jan"]
[Result "1-0"]
[BlackElo "1998"]
[WhiteElo "1890"]
[LiveChessVersion "1.4.8"]

1. e4 {[%clk 0:15:18]} c5 {[%clk 0:15:20]} 2. Nf3 {[%clk 0:15:26]} d6
{[%clk 0:15:29]} 3. d4 {[%clk 0:15:35]} cxd4 {[%clk 0:15:38]} 4. Nxd4
{[%clk 0:15:44]} Nf6 {[%clk 0:15:47]} 5. Nc3 {[%clk 0:15:50]} a6 {[%clk 0:15:56]}
6. Bg5 {[%clk 0:15:57]} Nbd7 {[%clk 0:16:05]} 7. Qe2 {[%clk 0:16:06]} h6
{[%clk 0:15:15]} 8. Bh4 {[%clk 0:16:06]} e6 {[%clk 0:15:14]} 9. f4
{[%clk 0:15:55]} Qc7 {[%clk 0:15:18]} 10. O-O-O {[%clk 0:16:01]} Be7
{[%clk 0:15:23]} 11. g4 {[%clk 0:15:58]} O-O {[%clk 0:14:23]} 12. a3
{[%clk 0:13:52]} b5 {[%clk 0:12:53]} 13. Be1 {[%clk 0:13:39]} d5 {[%clk 0:10:11]}
14. e5 Ne4 15. Nxe4 dxe4 16. Bg2 {[%clk 0:12:45]} Nc5 {[%clk 0:09:51]} 17. Kb1
{[%clk 0:12:35]} Bb7 {[%clk 0:08:20]} 18. h4 {[%clk 0:12:18]} Bd5
{[%clk 0:06:59]} 19. g5 {[%clk 0:12:14]} Kh8 {[%clk 0:06:45]} 20. Qh5
{[%clk 0:08:14]} a5 {[%clk 0:05:28]} 21. f5 {[%clk 0:07:31]} Qxe5
{[%clk 0:04:16]} 22. f6 {[%clk 0:05:53]} Bxf6 {[%clk 0:04:04]} 23. Qg4
{[%clk 0:05:45]} Be7 {[%clk 0:02:15]} 24. Bg3 {[%clk 0:05:51]} f5
{[%clk 0:02:24]} 25. Bxe5 {[%clk 0:05:31]} fxg4 {[%clk 0:02:32]} 26. gxh6
{[%clk 0:05:39]} Kh7 {[%clk 0:01:32]} 27. hxg7 {[%clk 0:05:12]} Rf2 28. Rhg1 b4
{[%clk 0:00:00]} 29. Rdf1 Rxf1+ 30. Rxf1 Kg8 31. Ne2 Nd7 32. Bd4 e5 33. Be3 Bf6
34. Ng3 Kxg7 35. Rd1 Be6 36. Bxe4 Rh8 37. axb4 axb4 38. h5 Kf7 39. Bg6+ Ke7 40.
Nf5+ Bxf5 41. Bxf5 Nf8 42. Bxg4 Ne6 43. Bd2 Rb8 44. Bf5 Nf4 45. h6 Bg5 46. h7 Kf6
47. Be4 Ne6 48. Rf1+ Bf4 49. Bxb4 Ng5 50. Bd3 Rh8 51. Bc3 Ne6 52. Rg1 Ng5 53. Rh1
Kg7 54. Rf1 1-0

[Event "c14"]
[Site "?"]
[Date "2020.08.25"]
[Round "11.2"]
[White "Paprocki, Antoni"]
[Black "Chyzy, Jakub"]
[Result "0-1"]
[BlackElo "1930"]
[WhiteElo "1843"]
[LiveChessVersion "1.4.8"]

1. d4 Nf6 2. c4 e6 3. g3 d5 4. Bg2 Be7 5. Nf3 O-O 6. O-O dxc4 7. Ne5 c5 8. dxc5
Bxc5 9. Qc2 Nbd7 10. Nxc4 Qe7 11. Nc3 Rb8 12. Bf4 e5 13. Bg5 Qe6 14. b3 b5 15.
Na5 h6 16. Bxf6 Nxf6 17. a4 a6 18. axb5 axb5 19. Nc6 Rb6 20. Nd5 Rxc6 21. Nxf6+
Qxf6 22. Bxc6 Qxc6 23. Rac1 Bh3 24. e4 Qf6 25. Qd1 Bxf1 26. Rxc5 Bh3 27. Rxb5 Rd8
28. Rd5 Rxd5 29. exd5 e4 30. b4 Qf3 31. Qxf3 exf3 32. b5 Kf8 33. b6 Bc8 34. d6
Ke8 35. d7+ Kxd7 36. b7 Bxb7 0-1

[Event "c14"]
[Site "?"]
[Date "2020.08.25"]
[Round "11.3"]
[White "Karolczuk, Iwo"]
[Black "Malek, Jan"]
[Result "0-1"]
[BlackElo "1843"]
[WhiteElo "1951"]
[LiveChessVersion "1.4.8"]

1. d4 {[%clk 0:15:17]} Nf6 {[%clk 0:15:13]} 2. Nf3 {[%clk 0:15:25]} d5
{[%clk 0:15:22]} 3. c4 {[%clk 0:15:33]} dxc4 {[%clk 0:15:29]} 4. e3
{[%clk 0:15:41]} e6 {[%clk 0:15:38]} 5. Bxc4 {[%clk 0:15:48]} a6 {[%clk 0:15:47]}
6. O-O {[%clk 0:15:43]} b5 {[%clk 0:15:56]} 7. Be2 {[%clk 0:15:51]} Bb7
{[%clk 0:16:05]} 8. b3 {[%clk 0:15:53]} c5 {[%clk 0:16:07]} 9. Bb2
{[%clk 0:15:56]} Nc6 {[%clk 0:16:16]} 10. a4 {[%clk 0:15:38]} b4 {[%clk 0:16:10]}
11. Nbd2 {[%clk 0:15:44]} cxd4 {[%clk 0:16:18]} 12. Nxd4 {[%clk 0:15:50]} Nxd4
{[%clk 0:16:26]} 13. Bxd4 {[%clk 0:15:56]} Bd6 {[%clk 0:16:13]} 14. Nc4
{[%clk 0:15:48]} Be7 {[%clk 0:15:40]} 15. Bf3 {[%clk 0:14:52]} Bxf3
{[%clk 0:14:14]} 16. Qxf3 {[%clk 0:14:59]} O-O {[%clk 0:14:20]} 17. Rfd1
{[%clk 0:14:32]} Qd5 {[%clk 0:14:18]} 18. Qg3 {[%clk 0:12:55]} Qf5
{[%clk 0:13:35]} 19. Rac1 {[%clk 0:11:34]} Rac8 {[%clk 0:13:30]} 20. Qe5
{[%clk 0:09:28]} Qg6 {[%clk 0:13:16]} 21. h3 {[%clk 0:08:35]} h5 {[%clk 0:13:08]}
22. Nd6 {[%clk 0:05:09]} Rxc1 {[%clk 0:12:59]} 23. Rxc1 {[%clk 0:05:17]} Rd8
{[%clk 0:13:05]} 24. Bc5 {[%clk 0:04:07]} Nd7 {[%clk 0:13:03]} 25. Qe4
{[%clk 0:03:53]} Nxc5 {[%clk 0:12:56]} 26. Qxg6 {[%clk 0:03:36]} fxg6
{[%clk 0:13:02]} 27. Rxc5 {[%clk 0:03:45]} Rxd6 {[%clk 0:13:09]} 28. g3
{[%clk 0:03:53]} Rd1+ {[%clk 0:13:16]} 29. Kg2 {[%clk 0:04:02]} Bxc5
{[%clk 0:13:25]} 0-1

[Event "c14"]
[Site "?"]
[Date "2020.08.25"]
[Round "11.4"]
[White "Zdybel, Przemyslaw"]
[Black "Herwy, Jakub"]
[Result "1-0"]
[BlackElo "1615"]
[WhiteElo "1455"]
[LiveChessVersion "1.4.8"]

1. e4 {[%clk 0:15:17]} c5 {[%clk 0:15:19]} 2. Nf3 {[%clk 0:15:24]} e6
{[%clk 0:15:27]} 3. d4 {[%clk 0:15:31]} cxd4 {[%clk 0:15:36]} 4. Nxd4
{[%clk 0:15:39]} a6 {[%clk 0:15:44]} 5. Bd3 {[%clk 0:15:38]} Bc5 {[%clk 0:15:52]}
6. Nb3 {[%clk 0:15:44]} Be7 {[%clk 0:16:00]} 7. O-O {[%clk 0:15:25]} d6
{[%clk 0:15:45]} 8. Nc3 {[%clk 0:14:51]} Nd7 {[%clk 0:15:18]} 9. f4
{[%clk 0:14:34]} Ngf6 {[%clk 0:15:13]} 10. Qe2 {[%clk 0:14:08]} Qc7
{[%clk 0:15:15]} 11. a4 {[%clk 0:13:53]} b6 {[%clk 0:15:15]} 12. Be3
{[%clk 0:13:17]} Bb7 {[%clk 0:15:03]} 13. Rad1 {[%clk 0:11:45]} O-O
{[%clk 0:14:16]} 14. f5 {[%clk 0:11:53]} exf5 {[%clk 0:13:09]} 15. Rxf5
{[%clk 0:11:47]} Ne5 {[%clk 0:13:17]} 16. Rff1 {[%clk 0:11:10]} Rfe8
{[%clk 0:11:15]} 17. h3 {[%clk 0:11:07]} Rad8 {[%clk 0:08:12]} 18. Qf2
{[%clk 0:10:43]} Ned7 {[%clk 0:07:37]} 19. Nd5 {[%clk 0:09:28]} Bxd5
{[%clk 0:06:13]} 20. exd5 {[%clk 0:09:35]} Qb7 {[%clk 0:05:15]} 21. c4
{[%clk 0:07:38]} Nc5 {[%clk 0:04:18]} 22. Nd4 {[%clk 0:05:21]} Nxd3
{[%clk 0:03:03]} 23. Rxd3 {[%clk 0:05:30]} Rc8 {[%clk 0:03:02]} 24. b3
{[%clk 0:05:07]} Bf8 {[%clk 0:02:04]} 25. Bc1 {[%clk 0:03:46]} Re4
{[%clk 0:01:23]} 26. Bb2 {[%clk 0:03:04]} Rce8 {[%clk 0:01:32]} 27. Rg3
{[%clk 0:03:13]} Nh5 {[%clk 0:01:07]} 28. Rg5 {[%clk 0:02:39]} Nf4
{[%clk 0:01:08]} 29. Nf5 {[%clk 0:01:43]} Ng6 {[%clk 0:01:07]} 30. Qg3
{[%clk 0:01:25]} Qc7 {[%clk 0:00:45]} 31. h4 {[%clk 0:01:03]} h6 {[%clk 0:00:26]}
32. Rxg6 {[%clk 0:00:40]} fxg6 {[%clk 0:00:35]} 33. Qxg6 {[%clk 0:00:48]} Qc5+
{[%clk 0:00:20]} 34. Kh2 {[%clk 0:00:52]} Qc7 {[%clk 0:00:29]} 35. Nxh6+
{[%clk 0:00:48]} Kh8 {[%clk 0:00:38]} 36. Nf7+ {[%clk 0:00:29]} Kg8
{[%clk 0:00:47]} 37. Qh5 {[%clk 0:00:29]} Qxf7 {[%clk 0:00:16]} 38. Qxf7+
{[%clk 0:00:37]} Kh7 {[%clk 0:00:25]} 39. Rf5 {[%clk 0:00:28]} Rxh4+
{[%clk 0:00:25]} 40. Kg3 {[%clk 0:00:37]} Ree4 {[%clk 0:00:20]} 41. Rh5+
{[%clk 0:00:29]} Rxh5 {[%clk 0:00:27]} 42. Qxh5+ {[%clk 0:00:36]} Kg8
{[%clk 0:00:36]} 43. Qf3 {[%clk 0:00:44]} Re1 {[%clk 0:00:33]} 44. Kf2
{[%clk 0:00:50]} Rb1 {[%clk 0:00:40]} 45. Qe2 {[%clk 0:00:58]} Be7
{[%clk 0:00:33]} 46. Qxe7 {[%clk 0:00:59]} Rxb2+ {[%clk 0:00:42]} 47. Kg1
{[%clk 0:01:08]} Rxb3 {[%clk 0:00:51]} 48. Qxd6 {[%clk 0:01:15]} a5
{[%clk 0:00:59]} 49. Qe6+ {[%clk 0:01:22]} Kh7 {[%clk 0:01:05]} 50. d6
{[%clk 0:01:31]} 1-0

[Event "c14"]
[Site "?"]
[Date "2020.08.25"]
[Round "11.5"]
[White "Kazmierowski, Tymon"]
[Black "Wieczorek, Mikolaj"]
[Result "1-0"]
[BlackElo "1550"]
[WhiteElo "1574"]
[LiveChessVersion "1.4.8"]

1. d4 Nf6 2. c4 c5 3. Nf3 cxd4 4. Nxd4 g6 5. Nc3 Bg7 6. e4 Nc6 7. Be3 O-O 8. Be2
d6 9. O-O Nxd4 10. Bxd4 Be6 11. Rc1 Nd7 12. Bxg7 Kxg7 13. Qd4+ Kg8 14. h3 Qb6 15.
Qxb6 Nxb6 16. b3 Rac8 17. Bg4 Bxg4 18. hxg4 a6 19. Rfe1 Rfd8 20. Rc2 Nd7 21. Rce2
Ne5 22. f3 Kf8 23. a4 e6 24. Rd2 Rc6 25. Ne2 Ke7 26. Red1 Rcc8 27. Kf2 Rb8 28.
Nd4 Nc6 29. Ke3 d5 30. exd5 exd5 31. cxd5 Nb4 32. Nc2 Nxc2+ 33. Rxc2 Rbc8 34. Rc4
b5 35. Rxc8 Rxc8 36. axb5 axb5 37. Rd3 Kd6 38. Kd4 Rc2 39. g3 f6 40. Ke4 Re2+ 41.
Kd4 Re5 42. Kc3 Rxd5 43. Rxd5+ Kxd5 44. Kb4 Kc6 45. Ka5 Kc5 46. f4 f5 47. g5 Kc6
48. b4 1-0

[Event "c14"]
[Site "?"]
[Date "2020.08.25"]
[Round "11.6"]
[White "Trzebinski, Patryk"]
[Black "Demski, Michal"]
[Result "1-0"]
[BlackElo "1676"]
[WhiteElo "1815"]
[LiveChessVersion "1.4.8"]

1. e4 {[%clk 0:15:18]} d6 {[%clk 0:15:02]} 2. d4 {[%clk 0:15:26]} Nf6
{[%clk 0:15:11]} 3. Nc3 Nbd7 4. Nf3 {[%clk 0:15:44]} e5 {[%clk 0:15:30]} 5. Bc4
{[%clk 0:15:48]} Be7 {[%clk 0:15:39]} 6. O-O {[%clk 0:15:54]} h6 {[%clk 0:15:39]}
7. Be3 {[%clk 0:15:51]} c6 {[%clk 0:15:44]} 8. a4 {[%clk 0:16:00]} Qc7
{[%clk 0:15:50]} 9. Bb3 {[%clk 0:16:05]} Nf8 {[%clk 0:15:54]} 10. a5
{[%clk 0:15:49]} g5 {[%clk 0:14:32]} 11. Qd3 {[%clk 0:15:22]} Ng6
{[%clk 0:14:36]} 12. g3 {[%clk 0:15:26]} Bg4 {[%clk 0:13:58]} 13. Nd2
{[%clk 0:15:26]} Bh3 {[%clk 0:12:30]} 14. Rfe1 {[%clk 0:15:23]} Ng4
{[%clk 0:12:38]} 15. a6 {[%clk 0:14:18]} Nxe3 {[%clk 0:12:16]} 16. fxe3
{[%clk 0:13:57]} O-O {[%clk 0:11:04]} 17. axb7 {[%clk 0:13:12]} Qxb7
{[%clk 0:11:06]} 18. Qa6 {[%clk 0:13:06]} Qd7 {[%clk 0:10:53]} 19. Ba4
{[%clk 0:12:49]} Qg4 {[%clk 0:06:32]} 20. Bxc6 {[%clk 0:12:48]} Rac8
{[%clk 0:06:41]} 21. Bb5 {[%clk 0:12:28]} exd4 {[%clk 0:06:22]} 22. Be2
{[%clk 0:12:20]} Qd7 {[%clk 0:05:07]} 23. exd4 {[%clk 0:12:10]} f5
{[%clk 0:04:32]} 24. Qxa7 {[%clk 0:09:46]} Rc7 {[%clk 0:04:40]} 25. Qa4
{[%clk 0:08:40]} Qc8 26. Bh5 Kg7 {[%clk 0:04:06]} 27. Bxg6 {[%clk 0:08:15]} Kxg6
28. Nd5 Rb7 {[%clk 0:03:52]} 29. Qc4 {[%clk 0:06:01]} Qxc4 {[%clk 0:03:06]} 30.
Nxc4 {[%clk 0:05:23]} fxe4 {[%clk 0:03:04]} 31. Rxe4 {[%clk 0:04:59]} Bf6
{[%clk 0:02:55]} 32. Nxf6 {[%clk 0:03:00]} Rxf6 {[%clk 0:03:03]} 33. d5
{[%clk 0:01:46]} Rbf7 {[%clk 0:03:06]} 34. Ne3 {[%clk 0:00:56]} Rf2
{[%clk 0:02:41]} 35. g4 {[%clk 0:00:42]} Re2 {[%clk 0:01:22]} 36. Re6+
{[%clk 0:00:51]} Kh7 {[%clk 0:01:30]} 37. Nf5 {[%clk 0:00:57]} Rg2+
{[%clk 0:01:09]} 38. Kh1 {[%clk 0:01:05]} h5 {[%clk 0:00:27]} 39. Rh6+
{[%clk 0:01:11]} Kg8 {[%clk 0:00:37]} 40. Ra8+ {[%clk 0:01:20]} Rf8
{[%clk 0:00:46]} 41. Rg6+ {[%clk 0:01:25]} Kh7 {[%clk 0:00:55]} 42. Rg7+
{[%clk 0:01:33]} Kh8 {[%clk 0:01:02]} 43. Rxf8# {[%clk 0:01:41]} 1-0

[Event "c14"]
[Site "?"]
[Date "2020.08.25"]
[Round "11.7"]
[White "Madajczak, Piotr"]
[Black "Kejna, Piotr"]
[Result "1/2-1/2"]
[BlackElo "1812"]
[WhiteElo "1703"]
[LiveChessVersion "1.4.8"]

1. c4 e5 2. Nc3 Nf6 3. Nf3 Nc6 4. e4 d6 5. d4 exd4 6. Nxd4 Nxd4 7. Qxd4 Be7 8.
Be2 O-O 9. O-O b6 10. b3 Bb7 11. Bb2 Re8 12. Nd5 c5 13. Qc3 Bxd5 14. exd5 Bf8 15.
Rae1 b5 16. Qf3 b4 17. Bd3 Nd7 18. Re3 g6 19. Rfe1 Rxe3 20. Qxe3 Bg7 21. Bc1 Qf6
22. Qe7 Qc3 23. Bb1 Ne5 24. Rf1 Bf8 25. Qg5 Re8 26. Qd2 Qxd2 27. Bxd2 Bg7 28. Re1
Bh6 29. Be3 Ng4 30. Bd2 Rxe1+ 31. Bxe1 Bc1 32. f3 Be3+ 33. Kh1 Nf2+ 34. Bxf2 Bxf2
35. g3 Kg7 36. Kg2 Bd4 37. f4 h6 38. Kf3 g5 39. fxg5 hxg5 40. Kg4 Kf6 41. Bf5 Be3
42. h4 gxh4 43. gxh4 Ke5 44. Bd7 Kf6 45. Kh5 Bc1 1/2-1/2

[Event "c14"]
[Site "?"]
[Date "2020.08.25"]
[Round "11.8"]
[White "Backiel, Hubert"]
[Black "Paszkowski, Krystian"]
[Result "1/2-1/2"]
[BlackElo "1727"]
[WhiteElo "1693"]
[LiveChessVersion "1.4.8"]

1. e4 {[%clk 0:15:19]} c5 {[%clk 0:15:19]} 2. Nf3 {[%clk 0:15:28]} e6
{[%clk 0:15:27]} 3. d4 {[%clk 0:15:36]} cxd4 {[%clk 0:15:35]} 4. Nxd4
{[%clk 0:15:46]} a6 {[%clk 0:15:43]} 5. Bd3 {[%clk 0:15:54]} Nf6 {[%clk 0:15:52]}
6. O-O {[%clk 0:16:01]} d6 {[%clk 0:16:00]} 7. Qe2 {[%clk 0:15:59]} Qc7
{[%clk 0:16:04]} 8. f4 {[%clk 0:16:05]} Nbd7 {[%clk 0:16:10]} 9. c4
{[%clk 0:16:11]} Be7 {[%clk 0:13:08]} 10. Kh1 {[%clk 0:15:39]} b6
{[%clk 0:12:10]} 11. b3 {[%clk 0:14:26]} Bb7 {[%clk 0:11:58]} 12. Nd2
{[%clk 0:14:25]} Nc5 {[%clk 0:07:34]} 13. Bb2 {[%clk 0:13:52]} Nxd3
{[%clk 0:07:16]} 14. Qxd3 {[%clk 0:14:00]} O-O {[%clk 0:06:59]} 15. Rae1
{[%clk 0:13:59]} Nd7 {[%clk 0:05:57]} 16. Qg3 {[%clk 0:11:29]} Bf6
{[%clk 0:05:00]} 17. N2f3 {[%clk 0:11:10]} e5 {[%clk 0:03:49]} 18. fxe5
{[%clk 0:09:40]} dxe5 {[%clk 0:03:41]} 19. Nf5 {[%clk 0:08:56]} Kh8
{[%clk 0:03:33]} 20. Ng5 {[%clk 0:04:22]} Bxg5 {[%clk 0:01:49]} 21. Qxg5
{[%clk 0:04:31]} g6 {[%clk 0:01:10]} 22. Ne7 {[%clk 0:01:06]} Kg7
{[%clk 0:01:15]} 23. Nd5 {[%clk 0:01:09]} Bxd5 {[%clk 0:01:12]} 24. exd5
{[%clk 0:01:16]} f6 {[%clk 0:01:21]} 25. Qg3 {[%clk 0:01:09]} Qd6
{[%clk 0:01:21]} 26. h3 {[%clk 0:00:50]} a5 {[%clk 0:00:53]} 27. a3
{[%clk 0:00:29]} Kg8 {[%clk 0:00:35]} 1/2-1/2

[Event "c14"]
[Site "?"]
[Date "2020.08.25"]
[Round "11.9"]
[White "Matela, Krzysztof"]
[Black "Wnek, Filip"]
[Result "0-1"]
[BlackElo "1673"]
[WhiteElo "1706"]
[LiveChessVersion "1.4.8"]

1. e4 {[%clk 0:15:19]} c5 {[%clk 0:15:18]} 2. Ne2 {[%clk 0:15:28]} d6
{[%clk 0:15:24]} 3. g3 {[%clk 0:15:34]} Nf6 {[%clk 0:15:15]} 4. Bg2
{[%clk 0:15:43]} e6 {[%clk 0:15:23]} 5. O-O {[%clk 0:15:50]} Be7 {[%clk 0:15:31]}
6. d3 {[%clk 0:15:59]} O-O {[%clk 0:15:37]} 7. f4 {[%clk 0:16:06]} Nc6
{[%clk 0:15:45]} 8. Bd2 {[%clk 0:16:10]} Qc7 {[%clk 0:15:45]} 9. Nbc3
{[%clk 0:16:18]} a6 {[%clk 0:15:54]} 10. h3 {[%clk 0:16:10]} b5 {[%clk 0:15:51]}
11. Qe1 {[%clk 0:16:17]} Bb7 {[%clk 0:15:55]} 12. Kh2 {[%clk 0:16:25]} Rad8
{[%clk 0:15:46]} 13. Rc1 {[%clk 0:15:46]} b4 {[%clk 0:15:38]} 14. Nd1
{[%clk 0:15:49]} d5 {[%clk 0:15:43]} 15. e5 {[%clk 0:15:57]} Nd7 {[%clk 0:15:50]}
16. Ne3 {[%clk 0:16:00]} Nb6 {[%clk 0:15:52]} 17. Ng1 {[%clk 0:15:43]} Na7
{[%clk 0:15:12]} 18. Ng4 {[%clk 0:14:43]} Nb5 {[%clk 0:14:34]} 19. c3
{[%clk 0:14:23]} bxc3 {[%clk 0:13:09]} 20. bxc3 {[%clk 0:14:32]} d4
{[%clk 0:12:43]} 21. c4 {[%clk 0:14:31]} Bxg2 {[%clk 0:12:41]} 22. Kxg2
{[%clk 0:14:40]} Na7 {[%clk 0:11:37]} 23. f5 {[%clk 0:14:40]} exf5
{[%clk 0:11:19]} 24. Rxf5 {[%clk 0:14:48]} Rde8 {[%clk 0:11:14]} 25. Qd1
{[%clk 0:14:08]} Kh8 {[%clk 0:10:04]} 26. Kh2 {[%clk 0:11:45]} Nd7
{[%clk 0:09:32]} 27. Nf3 {[%clk 0:10:31]} Qc6 {[%clk 0:08:31]} 28. Ng5
{[%clk 0:08:47]} Bxg5 {[%clk 0:08:38]} 29. Bxg5 {[%clk 0:08:47]} Qg6
{[%clk 0:08:36]} 30. Qf3 {[%clk 0:08:43]} Nc6 {[%clk 0:08:11]} 31. Re1
{[%clk 0:07:04]} h5 {[%clk 0:06:52]} 32. Nf6 {[%clk 0:03:44]} Ncxe5
{[%clk 0:06:59]} 33. Qf1 {[%clk 0:02:08]} gxf6 {[%clk 0:05:54]} 34. Bxf6+
{[%clk 0:00:57]} Nxf6 {[%clk 0:06:00]} 35. Rxf6 {[%clk 0:01:05]} Qxd3
{[%clk 0:06:04]} 36. Rxe5 {[%clk 0:00:13]} Qxf1 {[%clk 0:05:53]} 37. Rxh5+
{[%clk 0:00:22]} Kg7 {[%clk 0:06:00]} 38. Rxf1 {[%clk 0:00:31]} Re2+
{[%clk 0:05:20]} 39. Kg1 {[%clk 0:00:39]} Rc8 {[%clk 0:04:52]} 40. Rhf5
{[%clk 0:00:41]} Rc7 {[%clk 0:04:56]} 41. R1f2 {[%clk 0:00:33]} Re3
{[%clk 0:03:23]} 42. R2f3 {[%clk 0:00:41]} Re1+ {[%clk 0:02:46]} 43. Rf1
{[%clk 0:00:49]} Re3 {[%clk 0:02:13]} 44. Kg2 {[%clk 0:00:42]} Rc3
{[%clk 0:02:13]} 45. Rg5+ {[%clk 0:00:51]} Kf8 {[%clk 0:02:16]} 46. h4
{[%clk 0:01:00]} Rxc4 {[%clk 0:00:34]} 47. h5 {[%clk 0:01:09]} Rc6
{[%clk 0:00:41]} 48. Rgf5 {[%clk 0:01:11]} Rc2+ {[%clk 0:00:48]} 49. Kh3
{[%clk 0:01:19]} d3 {[%clk 0:00:17]} 50. Rxf7+ {[%clk 0:01:24]} Kg8
{[%clk 0:00:23]} 51. Rd7 {[%clk 0:01:29]} c4 {[%clk 0:00:26]} 52. Re1
{[%clk 0:01:27]} Re2 {[%clk 0:00:27]} 53. Rb1 {[%clk 0:01:27]} Rc8
{[%clk 0:00:17]} 54. Rd1 {[%clk 0:01:20]} Re6 {[%clk 0:00:15]} 55. g4
{[%clk 0:01:25]} Re3+ {[%clk 0:00:15]} 56. Kh4 {[%clk 0:01:34]} Re2
{[%clk 0:00:22]} 57. Rd6 {[%clk 0:01:30]} Re3 {[%clk 0:00:21]} 58. Kg5
{[%clk 0:01:37]} c3 {[%clk 0:00:27]} 59. Rf1 {[%clk 0:01:12]} d2 {[%clk 0:00:25]}
60. Kg6 {[%clk 0:01:05]} Re7 {[%clk 0:00:26]} 61. h6 {[%clk 0:01:01]} Rec7
{[%clk 0:00:19]} 62. Rh1 {[%clk 0:00:19]} Rc6 {[%clk 0:00:22]} 63. h7+
{[%clk 0:00:14]} Kh8 {[%clk 0:00:31]} 64. Rxc6 {[%clk 0:00:21]} Rxc6+
{[%clk 0:00:39]} 65. Kf7 {[%clk 0:00:30]} c2 {[%clk 0:00:38]} 66. g5
{[%clk 0:00:34]} c1=Q {[%clk 0:00:44]} 67. g6 {[%clk 0:00:41]} Qc4+
{[%clk 0:00:50]} 68. Kf8 {[%clk 0:00:50]} Rc8+ {[%clk 0:00:58]} 69. Ke7
{[%clk 0:00:58]} Qe4+ {[%clk 0:01:04]} 70. Kf6 {[%clk 0:01:06]} Rf8+
{[%clk 0:01:10]} 71. Kg5 {[%clk 0:01:14]} Qxh1 {[%clk 0:01:18]} 0-1